The Indian tipi : its history, construction and use

Αποθηκεύτηκε σε:
Λεπτομέρειες βιβλιογραφικής εγγραφής
Κύριος συγγραφέας: Laubin, Reginald
Άλλοι συγγραφείς: Laubin, Gladys, Vestal, Stanley 1887-1957
Μορφή: Βιβλίο
Γλώσσα:English
Δημοσίευση: Norman : University of Oklahoma Press, c1989
Έκδοση:2nd ed.
Θέματα:
Ετικέτες: Προσθήκη ετικέτας
Δεν υπάρχουν, Καταχωρήστε ετικέτα πρώτοι!

MARC

LEADER 00000nam a2200000 i 4500
001 1/90478
008 990927s1989 eng d
020 |a 0-8061-2236-6 
035 |l 10053122 
040 |a GR-MY-UA  |b gre  |e aacr 
041 0 |a eng 
082 0 |a 301.54 
100 1 |a Laubin, Reginald. 
245 1 4 |a The Indian tipi :  |b its history, construction and use /  |c by Reginald and Gladys Laubin; with a history of the Tipi by Stanley Vestal 
250 |a 2nd ed. 
260 |a Norman :   |b University of Oklahoma Press,   |c c1989 
300 |a xviii, 343 σ., [16] φύλλα από πίνακες;  |b εικ. (μερ. έγχρ.), 1 χάρτης;  |c 23 εκ. 
504 |a Περιέχει βιβλιογραφικές παραπομπές και ευρετήριο 
650 0 0 |a Indians of North America  |x Dwellings. 
700 1 |a Laubin, Gladys. 
700 1 |a Vestal, Stanley  |d 1887-1957. 
852 |a INST  |b LESVOS  |e 19990927  |h 301.54 LAU  |p 005100019389  |q 005100019389  |t BK  |y 0 
901 |a BIBL1-1999-3 
909 |a Λ  |b 066700 
922 |a 1ΕΛΗ  |b 199907  |c ΚΠΣ/ΤΚ  |d ΠΑΠΑΣΩΤΗΙΡΟΥ 
950 |a 103-1998-07-27 
970 |a ΤΖΑΦΕΡΗ  |b ΕΥΑΓΓΕΛΙΑ  |z 1999/09/29